General Knowledge MCQ #12 - Statistics

General Stats
  • This quiz has been taken 16 times
  • The average score is 8 of 15
Answer Stats
Question Answer % Correct
This US marine veteran Lee Harvey Oswald had assassinated one of the most important figure of 20th century John F Kennedy
87%
In 1880, the Queen of Thailand Sunandha Kumariratana drowned while her subjects watched because Forbidden to touch her
80%
May 7 is the first day of the Vatican conclave to choose a successor to the late Pope Francis. Who will gather in the Sistine Chapel? A College of Cardinals
73%
This country national flag is the oldest and continuously used flag Denmark
73%
What is the actual color of the Black Box found in Aeroplane Orange
73%
Centennial Light is the world's longest-lasting light bulb, burning since , 1901
60%
This animal doesn't die from biological aging and continue to grow and grow until some external factors cause them to die. Crocodile
60%
This Law states that "It always takes longer than you expect, even when you take into account _ Law Hofstadter
60%
At a 1915 auction, Cecil Chubb bought this now World Heritage Site as a gift for his wife, but she got angry because she had sent him to buy some dining chairs. Stonehenge
53%
This country released genetically modified mosquitoes to fight Malaria Djibouti
47%
The modern pizza was originally invented in Naples, Italy but the word " Pizza" origin in Greek
40%
This urban settlement is the first well - documented city to reach one million populations. B) London
27%
A mysterious football match played in Congo in year 1988 struck dead _ players of the same team while leaving opponents untouched 11
20%
The longest poker game ever lasted was 8 years
20%
Physical Quality of Life Index ( PQLI) is developed by Morris D. Morris
7%
No matching quizzes found
Score Distribution
Percent of People with Each Score
Percentile by Number Answered
Your Score History
You have not taken this quiz